| 000 | 01021nam a2200241 a 4500 | ||
|---|---|---|---|
| 001 | BRCA_8142 | ||
| 005 | 20190320210141.0 | ||
| 008 | 250414s2013----u--a######---#000-0#eng-# | ||
| 020 | _a9786078310012 | ||
| 041 | _aeng | ||
| 044 | _au | ||
| 050 | 4 |
_aND813.S6 _b.S67 2013 |
|
| 245 | 1 | 0 |
_aSorolla and America _cedited by Blanca Pons-Sorolla, Mark A. Roglán. |
| 260 |
_aMadrid _bEl Viso _c2013 |
||
| 300 |
_a339 p. _bil. (algunas a color) _c33 cm. |
||
| 500 | _aIncluye índice alfabético | ||
| 500 | _aCatálogo de la exposición realizada en Meadows Museum Southern Methodist University (Dallas, Texas), 13 diciembre 2013 - 19 abril 2014; en The San Diego Museum of Art (San Diego, California), 30 mayo - 26 agosto, 2014 y finalmente en la Fundación MAPFRE (Madrid), 23 septiembre 2014 - 11 enero 2015 | ||
| 504 | _aBibliografía: p.320-332 | ||
| 600 | 1 | 4 |
_aSorolla, Joaquín _d1863-1923 _vCatálogos _92380 |
| 700 | 1 |
_aPons-Sorolla, Blanca _eed. _920286 |
|
| 700 | 1 |
_aRoglán, Mark A. _eed. _920287 |
|
| 942 |
_2lcc _cB |
||
| 999 |
_c7810 _d7810 |
||